Why study Linguistics

Saved in:
Bibliografiske detaljer
Hovedforfatter: DENHAM, Kristin Lobeck, Anne
Format: Bog
Sprog:engelsk
Udgivet: Routledge 2019
Tags: Tilføj Tag
Ingen Tags, Vær først til at tagge denne postø!

MARC

LEADER 00000nam a22000007a 4500
008 240826b |||||||| |||| 00| 0 eng d
020 |a 9781138925885 
100 |a DENHAM, Kristin  |a Lobeck, Anne 
245 |a Why study Linguistics  |c /Kristin Denham and Anne Lobeck  |e Routledge guide to linguistics  |g ix, 221p;ill 
260 |b Routledge  |c 2019  |h New York  |i 702291  |i 702292  |l P60.D41  |m Linguistics-Vocational guide 
500 |a it includes references and index 
942 |a lcc  |c BK  |e Johnson  |f 28/08/24 
952 |0 0  |1 0  |2 ddc  |4 0  |6 P_60_000000000000000_D41  |7 0  |9 5510  |a ART  |b HOL  |c LP  |d 2024-08-26  |l 0  |o P60.D41  |p 2024-0750  |r 2024-08-26 00:00:00  |t 702291  |w 2024-08-26  |y BK 
952 |0 0  |1 0  |2 lcc  |4 0  |6 P0060 D41  |7 0  |9 5511  |a HOL  |b HOL  |c LP  |d 2024-08-26  |l 0  |o P60.D41  |p 2024-0751  |r 2024-08-26 00:00:00  |t 702292  |w 2024-08-26  |y BK 
999 |c 2721  |d 2721